<?xml version="1.0" encoding="UTF-8"?>
<collection xmlns:xsi="http://www.w3.org/2001/XMLSchema-instance" xsi:schemaLocation="http://www.loc.gov/MARC21/slim http://www.loc.gov/standards/marcxml/schema/MARC21slim.xsd" xmlns="http://www.loc.gov/MARC21/slim">
 <record>
  <leader>00000ctm a22000003a 4500</leader>
  <controlfield tag="001">UP-99796217608617323</controlfield>
  <controlfield tag="003">Buklod</controlfield>
  <controlfield tag="005">20081128094625.0</controlfield>
  <controlfield tag="006">a     r    |||| u|</controlfield>
  <controlfield tag="007">ta</controlfield>
  <controlfield tag="008">081128s        xx     d     r    |||| u|</controlfield>
  <datafield tag="035" ind1=" " ind2=" ">
   <subfield code="a">(iLib)UPD-00064996439</subfield>
  </datafield>
  <datafield tag="040" ind1=" " ind2=" ">
   <subfield code="a">DCHE</subfield>
   <subfield code="e">rda</subfield>
  </datafield>
  <datafield tag="041" ind1=" " ind2=" ">
   <subfield code="a">eng</subfield>
  </datafield>
  <datafield tag="090" ind1=" " ind2=" ">
   <subfield code="a">LG 993.5 2000 C56</subfield>
   <subfield code="b">G35</subfield>
  </datafield>
  <datafield tag="100" ind1="1" ind2=" ">
   <subfield code="a">Gallo, Liza Zablan.</subfield>
  </datafield>
  <datafield tag="245" ind1="1" ind2="2">
   <subfield code="a">A pilot study on the utilization of the leaves of the Mayana (Coleus blumei,Benth.) as a potential source of the natural dye for textiles</subfield>
   <subfield code="c">Liza Zablan Gallo ; Maria Monica R. Escano, adviser.</subfield>
  </datafield>
  <datafield tag="264" ind1=" " ind2="1">
   <subfield code="a">2000.</subfield>
  </datafield>
  <datafield tag="300" ind1=" " ind2=" ">
   <subfield code="a">69 leaves</subfield>
   <subfield code="b">col. ill.</subfield>
  </datafield>
  <datafield tag="500" ind1=" " ind2=" ">
   <subfield code="a">Thesis (BS Clothing Technology)--University of the Philippines Diliman.</subfield>
  </datafield>
  <datafield tag="520" ind1=" " ind2=" ">
   <subfield code="a">This is a pilot experimental study that aims to determine the feasibility of extracting dye from the mayana leaves and establish that this can be a good source of natural dye for textiles. The study also aims to successfully apply the yielded dye to natural fibers such as cotton, pina and silk and determine if the extracted dye has good affinity, lightfastness and washfastness. The mayana plant is one of the abundant plants growing here in the Philippines. The Philippines has abundant resource of natural dyes from its various population of flora. The production of these natural dyes is a limited field of study because of its tedious extraction process thus importation of synthetic dyes is favored by the textile industry. However, this should not totally discourage potential researchers as the discovery of natural dyes and its consequent development of a cheap manufacturing process could only be advantageous to us. This is an experimental study in which the variables in consideration were specific mordants at different concentrations and concentration of the dye extracts. The time of application of the dye was constant at 1 hour as well as the temperature of the extract, which was kept at 100°C. This research used the dyeing process defined by the Philippine Textile Research Institute (PTRI) in extracting natural dyes. Water was used as solvent with a liquor ratio of 1:30. Two types of mordanting agents were used: copper sulfate and alum. The variables of the experiment are mordant concentration and dye concentration. Mordant concentrations were at 1%, 2% and 4%. Dye concentrations were 100%, 200% and 400%. A matrix of these variables were used for the experiment. Results of the experiments show that the color obtained from the mayana leaves is olive green. The best combination was at 4% copper sulfate mordant applied at 400% dye extract. Copper sulfate was a better mordant than alum. The dye showed good affinity to natural fibers particularly on silk. Like all natural dyes, the dye exhibited poor washfastness and lightfastness. On the other hand, it has excellent staining qualities.</subfield>
  </datafield>
  <datafield tag="650" ind1="1" ind2="7">
   <subfield code="a">Plant dyes.</subfield>
  </datafield>
  <datafield tag="650" ind1="1" ind2="7">
   <subfield code="a">Dyes and dyeing.</subfield>
  </datafield>
  <datafield tag="700" ind1="1" ind2=" ">
   <subfield code="a">Escano, Maria Monica R.</subfield>
  </datafield>
  <datafield tag="905" ind1=" " ind2=" ">
   <subfield code="a">FI</subfield>
  </datafield>
  <datafield tag="950" ind1=" " ind2=" ">
   <subfield code="a">Thesis</subfield>
  </datafield>
  <datafield tag="852" ind1="0" ind2=" ">
   <subfield code="a">UPD</subfield>
   <subfield code="b">DCHE</subfield>
   <subfield code="h">LG 993.5 2000 C56</subfield>
   <subfield code="i">G35</subfield>
  </datafield>
  <datafield tag="942" ind1=" " ind2=" ">
   <subfield code="a">Thesis</subfield>
  </datafield>
 </record>
</collection>
